LDR 00874nam a2200229 4500 001 000000367470 003 CaOOAMICUS 005 20260427152453.0 008 260427s2025 it a 000 u ita r 040 $aSeMil$bita 100 1 $aDiocesi di Mantova.$0(OLS)http://semarc/name/51229 245 10$aArtigiani missionari :$bLa recezione /$cDiocesi di Mantova. 264 1$aMantova :$bLa Cittadella,$c2025. 300 $a29 p. ;$c21 cm 650 4$aMantova (Diocesi).$0(OLS)http://semarc/subject/9850 850 $aSeMil 852 $aSeMil$W1$xVenegono$y1$m5D XI 29/12$j271049$B258165$CSeMilBibl$Z2$F258165 $81 941 1 $a7 961 $aOmaggio mons. Mario Delpini 996 $6245$aArtigiani missionari :$bLa recezione$9(OLS)http://semarc/title/459407 996 $6264$aMantova :$bLa Cittadella$9(OLS)http://semarc/publisher/45449